| 000 | 00844nam a22002777a 4500 | ||
|---|---|---|---|
| 003 | URS | ||
| 005 | 20250828100458.0 | ||
| 008 | 250317b ||||| |||| 00| 0 eng d | ||
| 020 | _a0814401359 | ||
| 040 | _cURS | ||
| 050 |
_aHD58.9 _b.D47 1999 |
||
| 100 |
_911272 _aDess, Gregory G. |
||
| 245 |
_aBeyond Productivity _bHow Leading Companies Achieve Superior Performance by Levering their human Capital |
||
| 264 | _c©1999 | ||
| 300 | _a344 pages.,: | ||
| 336 |
_2rdacontent _atext |
||
| 337 |
_2rdamedia _aunmediated |
||
| 338 |
_2rdacarrier _avolume |
||
| 650 | 0 |
_92122 _aOrganizational effectiveness |
|
| 650 | 0 |
_97023 _aHuman capital. |
|
| 650 | 0 |
_96714 _aLabor Productivity. |
|
| 650 | 0 |
_92564 _aLeadership |
|
| 650 | 0 |
_911273 _aOrganizational Effectiveness _xCase Studies |
|
| 700 |
_911274 _aPicken, Joseph C. |
||
| 942 |
_2lcc _cR |
||
| 999 |
_c84795 _d84793 |
||